Erwin Schrödinger and the quantum revolution / (Record no. 124765)
[ view plain ]
| 000 -LEADER | |
|---|---|
| fixed length control field | 01380cam a22003378i 4500 |
| 001 - CONTROL NUMBER | |
| control field | 17437535 |
| 003 - CONTROL NUMBER IDENTIFIER | |
| control field | ARRUPE |
| 005 - DATE AND TIME OF LATEST TRANSACTION | |
| control field | 20160428121536.0 |
| 008 - FIXED-LENGTH DATA ELEMENTS--GENERAL INFORMATION | |
| fixed length control field | 120822s2012 nju b 001 0beng |
| 010 ## - LIBRARY OF CONGRESS CONTROL NUMBER | |
| LC control number | 2012025742 |
| 020 ## - INTERNATIONAL STANDARD BOOK NUMBER | |
| International Standard Book Number | 9781118299265 (hardback) |
| 040 ## - CATALOGING SOURCE | |
| Original cataloging agency | DLC |
| Language of cataloging | eng |
| Transcribing agency | DLC |
| Description conventions | rda |
| 042 ## - AUTHENTICATION CODE | |
| Authentication code | pcc |
| 043 ## - GEOGRAPHIC AREA CODE | |
| Geographic area code | e-au--- |
| 050 00 - LIBRARY OF CONGRESS CALL NUMBER | |
| Classification number | QC16.S265 |
| Item number | G75 2012 |
| 082 00 - DEWEY DECIMAL CLASSIFICATION NUMBER | |
| Classification number | 530.092 |
| -- | B |
| Edition number | 23 |
| 084 ## - OTHER CLASSIFICATION NUMBER | |
| Classification number | SCI055000 |
| Source of number | bisacsh |
| 300 ## - PHYSICAL DESCRIPTION | |
| Dimensions | 25cm. |
| 100 1# - MAIN ENTRY--PERSONAL NAME | |
| Personal name | Gribbin, John, |
| Dates associated with a name | 1946- |
| 9 (RLIN) | 5599 |
| 245 10 - TITLE STATEMENT | |
| Title | Erwin Schrödinger and the quantum revolution / |
| Statement of responsibility, etc | John Gribbin. |
| 260 ## - PUBLICATION, DISTRIBUTION, ETC. (IMPRINT) | |
| Place of publication, distribution, etc | London |
| Name of publisher, distributor, etc | Bantam Press |
| Date of publication, distribution, etc | 2012 |
| 263 ## - PROJECTED PUBLICATION DATE | |
| Projected publication date | 2011 |
| 300 ## - PHYSICAL DESCRIPTION | |
| Extent | 322p.; |
| 504 ## - BIBLIOGRAPHY, ETC. NOTE | |
| Bibliography, etc | Includes bibliographical references and index. |
| 520 ## - SUMMARY, ETC. | |
| Summary, etc | "This books takes us into the heart of the quantum revolution. He tells the story of Schrödinger's surprisingly colorful life (he arrived for a position at Oxford University with both his wife and mistress). And with his trade mark accessible style and popular touch explains the fascinating world of quantum mechanics, which underpins all of modern science"-- |
| 600 10 - SUBJECT ADDED ENTRY--PERSONAL NAME | |
| Personal name | Schrödinger, Erwin, |
| Dates associated with a name | 1887-1961. |
| 9 (RLIN) | 24245 |
| 650 #0 - SUBJECT ADDED ENTRY--TOPICAL TERM | |
| Topical term or geographic name as entry element | Physics |
| General subdivision | Philosophy. |
| 9 (RLIN) | 24246 |
| 650 #0 - SUBJECT ADDED ENTRY--TOPICAL TERM | |
| Topical term or geographic name as entry element | Quantum theory. |
| 9 (RLIN) | 24247 |
| 906 ## - LOCAL DATA ELEMENT F, LDF (RLIN) | |
| a | 7 |
| b | cbc |
| c | orignew |
| d | 1 |
| e | ecip |
| f | 20 |
| g | y-gencatlg |
| 942 ## - ADDED ENTRY ELEMENTS (KOHA) | |
| Source of classification or shelving scheme | Library of Congress Classification |
| Koha item type | Monograph ( Printed materials) |
| Withdrawn status | Lost status | Source of classification or shelving scheme | Damaged status | Not for loan | Collection code | Home library | Current library | Shelving location | Date acquired | Total Checkouts | Full call number | Barcode | Date last seen | Date checked out | Price effective from | Koha item type | Copy number |
|---|---|---|---|---|---|---|---|---|---|---|---|---|---|---|---|---|---|
| Library of Congress Classification | Main Collection | ARRUPE LIBRARY | ARRUPE LIBRARY | Main Collection | 28/04/2016 | 2 | QC16.S265G75 2012 | 46500006874 | 02/07/2019 | 04/01/2017 | 28/04/2016 | Monograph ( Printed materials) | |||||
| Library of Congress Classification | Main Collection | ARRUPE LIBRARY | ARRUPE LIBRARY | Main Collection | 02/06/2017 | 1 | QC16.S265 G75 2012 | 46500025890 | 02/07/2019 | 08/10/2018 | 02/06/2017 | Monograph ( Printed materials) | 2 |